| 000 | 00492nam a22001937a 4500 | ||
|---|---|---|---|
| 003 | OSt | ||
| 005 | 20180116183004.0 | ||
| 008 | 150805b xxu||||| |||| 00| 0 eng d | ||
| 020 | _a9788120345720 | ||
| 040 | _c0 | ||
| 082 | _a657.95 DAS 2012 | ||
| 100 | _aA.K. Das Mohapatra | ||
| 245 |
_aInternational Accounting _cA.K. Das Mohapatra |
||
| 250 | _a2nd | ||
| 260 |
_aNew delhi _bPHI Learning _c2012 |
||
| 300 |
_a401 P. _bPB |
||
| 440 | _aInternational Accounting | ||
| 942 |
_2ddc _cBK |
||
| 999 |
_c349991 _d349991 |
||